000 01246nam a22003617a 4500
003 CHAP
005 20220329143457.0
008 091217s2009 mx a r 00010 spa d
010 _a97248
011 _a98220
020 _a9786077700180
035 _a108904
040 _cCHAP
082 0 4 _a581.5
_bM58
245 0 0 _aMiguel Ángel Martínez Alfaro y la etnobotánica mexicana del siglo XX
_c/ compilado por Abigail Aguilar, Arturo Argueta, Cristina Mapes
260 _aMéxico :
_bUNAM. Facultad de Ciencias
_c19
300 _a186 p. :
_bilus.
590 _aBATCH-UPD
_b10
_c20130110
_lUCH01
_h1005
590 _aBATCH-UPD
_b10
_c20130410
_lUCH01
_h0615
590 _aBATCH-UPD
_b10
_c20130914
_lUCH01
_h0401
590 _aCONVERSION
_b10
_c20130109
_lUCH01
_h1354
650 1 4 _aEcología.
_935134
650 1 4 _aEtnobotánica.
_938611
650 1 4 _aEtnobotánica
_xMéxico.
_938628
650 1 4 _aEtnobotánica
_xPuebla.
_938632
650 1 4 _aEtnobotánica
_zOaxaca.
_938648
700 0 _aAguilar Contreras, Abigail
_e, comp.
_92684
700 0 _aArgueta, Arturo
_e, comp.
_97023
700 0 _aMapes, Cristina
_e, comp.
_971134
901 _aBK
942 _cLIBRO
949 _a581.5 M58
_bBC
_cLIBRO
_d33724002137496
_eLIBRO
_gI.c/e
_h111547
_i108904
_sb
999 _c97248
_d97248